|
|
|
|
| LEADER |
00000nam a22000007a 4500 |
| 005 |
20170411173140.0 |
| 007 |
cr|||| |||| |
| 008 |
170411c20109999sp |||| s|||| 0|||a1spa d |
| 022 |
|
|
|a 2174-5625
|
| 035 |
|
|
|a 14868
|
| 040 |
|
|
|a vLex
|
| 090 |
|
|
|c 6645
|d 6645
|
| 245 |
0 |
0 |
|a Revista de Derecho Polt̕ico
|h [Recurso electrn̤ico]
|
| 256 |
|
|
|a Servicio en ln̕ea
|
| 260 |
|
|
|a Madrid:
|b Universidad Nacional de Educacion a Distancia (UNED),
|c 2010 -
|
| 300 |
|
|
|a 1 recurso electrn̤ico
|
| 310 |
|
|
|a Trimestral
|
| 506 |
|
|
|a Contenido disponible en los productos indicados
|d vLex Global
|d vLex Global (Academic Edition, excluding Law Schools)
|d vLex Global (U.S. Academic Edition, Law Schools)
|d vLex Global (U.S. Academic Edition, excluding Law Schools)
|d vLex Global (Academic Edition, Law Schools)
|
| 650 |
0 |
4 |
|a Derecho civil
|z Espaą
|
| 650 |
0 |
4 |
|a Derecho penal
|z Espaą
|
| 650 |
0 |
4 |
|a Derecho administrativo
|z Espaą
|
| 650 |
0 |
4 |
|a Derecho laboral
|z Espaą
|
| 650 |
0 |
4 |
|a Derecho fiscal
|z Espaą
|
| 740 |
0 |
|
|a vLex Revistas (Servicio en ln̕ea)
|
| 856 |
4 |
0 |
|u http://vlex.com/source/revista-de-derecho-politico-14868
|z Acceso restringido
|
| 942 |
|
|
|c REV
|
| 999 |
0 |
|
|a Civil law
|
| 999 |
0 |
|
|a Criminal Law
|
| 999 |
0 |
|
|a Labor laws and legislation
|
| 999 |
0 |
|
|a Administrative law
|